Leeds United Top Goalscorers of All Time - Statistics

General Stats
  • This quiz has been taken 33 times
  • The average score is 16 of 50
Answer Stats
Player APP Goals % Correct
Mark Viduka 166 72
76%
Patrick Bamford 195 60
72%
Peter Lorimer 575 190
72%
Billy Bremner 641 97
68%
Jack Charlton 622 75
68%
Alan Smith 225 54
64%
Allan Clarke 339 135
56%
Jimmy Floyd Hasselbaink 81 37
56%
Johnny Giles 482 106
56%
Harry Kewell 237 61
52%
Eddie Gray 520 63
48%
Ian Harte 282 38
48%
Lee Chapman 136 61
48%
Tony Yeboah 59 30
48%
Brian Dean 187 43
44%
Gary Speed 250 42
44%
Lee Bowyer 260 54
44%
Mick Jones 291 99
44%
Paul Madely 660 30
44%
Jack Harrison 206 34
36%
Joe Jordan 204 43
36%
Rodrigo 97 28
36%
Duncan McKenzie 69 28
32%
Gary McAllister 263 39
32%
Jermaine Beckford 152 85
32%
John Charles 70 62
32%
Rod Wallace 237 60
28%
Stuart Dallas 267 28
28%
Trevor Cherry 436 28
28%
David Healy 121 31
24%
Jimmy Greenhoff 123 27
24%
Luciano Becchio 221 87
24%
Arthur Graham 210 42
20%
Pablo Hernandez 175 36
20%
Ray Hankin 92 33
20%
Chris Wood 88 44
16%
Rod Belfitt 112 26
16%
Ross McCormack 157 58
16%
Crysencio Summerville 89 25
12%
Robert Snodgrass 191 41
12%
Albert Johanneson 151 51
8%
Carl Harris 165 27
8%
Jonathan Howson 225 28
8%
Chris Crowe 95 27
4%
Jim Storrie 121 51
4%
John McCole 45 29
4%
Kemar Roofe 122 33
4%
Mateusz Klich 195 24
4%
Max Gradel 84 25
4%
Alan Peacock 60 26
0%
No matching quizzes found
Score Distribution
Percent of People with Each Score
Percentile by Number Answered
Your Score History
You have not taken this quiz